|
|
|
|
| LEADER |
01039nam a2200325 a 4500 |
| 001 |
nkc20132502376 |
| 003 |
CZ PrNK |
| 005 |
20131029162437.0 |
| 007 |
ta |
| 008 |
131002s2013 xr g 000 j cze |
| 015 |
|
|
|a cnb002502376
|
| 020 |
|
|
|a 978-80-7391-771-5
|q (váz.)
|
| 035 |
|
|
|a (OCoLC)862713655
|
| 040 |
|
|
|a BOA001
|b cze
|d ABA001
|
| 072 |
|
7 |
|a 821.162.3-3
|x Česká próza
|2 Konspekt
|9 25
|
| 080 |
|
|
|a 821.162.3-32
|2 MRF
|
| 080 |
|
|
|a (0:82-321.5)
|2 MRF
|
| 100 |
1 |
|
|a Hašek, Jaroslav,
|d 1883-1923
|7 jk01040097
|4 aut
|
| 245 |
1 |
0 |
|a Rady pro život /
|c Jaroslav Hašek
|
| 260 |
|
|
|a V Praze :
|b Slovart,
|c c2013
|
| 300 |
|
|
|a 348 s. ;
|c 16 cm
|
| 655 |
|
7 |
|a české povídky
|7 fd133971
|2 czenas
|
| 655 |
|
7 |
|a humoristické povídky
|7 fd132428
|2 czenas
|
| 655 |
|
9 |
|a Czech short stories
|2 eczenas
|
| 655 |
|
9 |
|a humorous short stories
|2 eczenas
|
| 910 |
2 |
|
|a BOA001
|b 1-1313.146
|
| 990 |
|
|
|a BK
|
| 995 |
|
|
|a 01
|
| 991 |
|
|
|b 201310
|e b
|
| 996 |
6 |
|
|b 2610564853
|c 1-1313.146
|l MZK
|r Sklad / do 1 hodiny
|n 0
|p p.v.
|w 001369338
|u 000010
|a 1
|e BOA001
|j MZK50
|s P
|